Envirocentrum Hrubý Šúr- interiér

Enregistré dans:
Détails bibliographiques
Auteur principal: Klimeková, Lucia, 1987- (Auteur)
Autres auteurs: Kotradyová, Veronika, 1974- (Directeur de thèse)
Format: Manuscrit Livre
Langue:slovaque
Publié: Bratislava : STU v Bratislave FA, 2013
Sujets:
Accès en ligne:VAIS
Tags: Ajouter un tag
Pas de tags, Soyez le premier à ajouter un tag!

MARC

LEADER 00000ntm a22000003a 4500
001 stu267525
005 20210415090552.6
008 130607s2013----xo------------------slo-d
040 |a STU  |b slo 
041 0 |a slo 
044 |a xo 
100 1 |a Klimeková, Lucia,  |d 1987-  |4 aut  |u A  |T FAD Fakulta architektúry  |X 39889  |U A  |Y 50  |7 A000039889 
242 0 0 |a The Eco Centre Interior in Hrubý Šúr, Interior Design  |y eng 
245 1 |a Envirocentrum Hrubý Šúr- interiér 
260 |a Bratislava :  |b STU v Bratislave FA,  |c 2013 
650 7 |a interior  |2 estusub 
650 7 |a sustainable architecture  |2 estusub 
650 7 |a interiér  |2 stusub 
700 1 |a Kotradyová, Veronika,  |d 1974-  |4 ths  |u A5150  |U FAD Fakulta architektúry  |U FAD Fakulta architektúry  |T FA Ústav interiéru a výstavníctva  |X 344  |U A5150  |Y 396  |7 A000000344 
856 4 |a info a plný text  |u http://is.stuba.sk/zp/portal_zp.pl?podrobnosti=90744  |u https://opac.crzp.sk/?fn=detailBiblioForm&sid=EE95B465952BB5C0000046B19651  |3 VAIS